| 000 | 00463nam a22001697a 4500 | ||
|---|---|---|---|
| 003 | OSt | ||
| 008 | 230420b2023 |||||||| |||| 00| 0 eng d | ||
| 020 | _a9789354644986 | ||
| 082 |
_a658.402 _bKAM-C |
||
| 100 | _aKamdar, Dishan | ||
| 245 |
_aCleansing moments : _bdeveloping leadership skills for all times / _cDishan Kamdar |
||
| 260 |
_aNew Delhi : _bWiley, _c2020. |
||
| 300 | _axxi, 174p. ; | ||
| 650 | _aLeadership | ||
| 650 | _aManagement | ||
| 942 |
_2ddc _cBK |
||
| 999 |
_c19437 _d19437 |
||